Matemática 4: guía del profesor

Sparad:
Bibliografiska uppgifter
Huvudupphovsmän: Gatica M., Gumercindo (Författare, medförfattare), Figueroa C., Carmen (Författare, medförfattare)
Materialtyp: Bok
Språk:spanska
Publicerad: Santiago Arrayán 1993
Upplaga:2a. ed
Ämnen:
Taggar: Lägg till en tagg
Inga taggar, Lägg till första taggen!

MARC

LEADER 00000nam a2200000 a 4500
001 UCZ0465
003 CL-VaPUC
008 950728e19931200CL |||||||||||||||||spa|d
082 0 4 |a 372.7  |b GAT  |2 21 
100 |a Gatica M., Gumercindo  |e author  |9 369324 
700 0 |a Figueroa C., Carmen  |e author  |9 343324 
245 1 0 |a Matemática 4: guía del profesor 
250 |a 2a. ed 
300 |a 12 p 
942 |c BK 
945 |d 19950728 00:00:00  |a mfernand 
260 |a Santiago  |b Arrayán  |c 1993 
650 0 |a Matemática  |9 260235 
650 0 |a Matemáticas  |x Enseñanza  |9 875527 
650 0 |a Libros de texto  |9 270019 
583 |a last modification  |c 19950728 00:00:00  |k Rodrigo Vera 
999 |c 237392  |d 237390 
952 |0 0  |1 0  |4 0  |6 372_700000000000000_GAT_1993  |7 0  |8 P  |9 246421  |a BIBEDU  |b BIBEDU  |c BIBEDU_PB  |d 2019-11-18  |i 1549480  |o 372.7 GAT 1993  |p 1549480  |r 2024-01-25  |w 2019-11-18  |y BK  |k EDU